<?xml version="1.0" encoding="UTF-8"?>
<record
    xmlns:xsi="http://www.w3.org/2001/XMLSchema-instance"
    xsi:schemaLocation="http://www.loc.gov/MARC21/slim http://www.loc.gov/standards/marcxml/schema/MARC21slim.xsd"
    xmlns="http://www.loc.gov/MARC21/slim">

  <leader>02658cam a2200337 a 4500</leader>
  <controlfield tag="003">EG-GiCUC</controlfield>
  <controlfield tag="005">20250223031458.0</controlfield>
  <controlfield tag="008">160424s2015    ua     f m    000 0 eng d</controlfield>
  <datafield tag="040" ind1=" " ind2=" ">
    <subfield code="a">EG-GiCUC</subfield>
    <subfield code="b">eng</subfield>
    <subfield code="c">EG-GiCUC</subfield>
  </datafield>
  <datafield tag="041" ind1="0" ind2=" ">
    <subfield code="a">eng</subfield>
  </datafield>
  <datafield tag="049" ind1=" " ind2=" ">
    <subfield code="a">Deposite</subfield>
  </datafield>
  <datafield tag="097" ind1=" " ind2=" ">
    <subfield code="a">M.Sc</subfield>
  </datafield>
  <datafield tag="099" ind1=" " ind2=" ">
    <subfield code="a">Cai01.03.01.M.Sc.2015.Su.B</subfield>
  </datafield>
  <datafield tag="100" ind1="0" ind2=" ">
    <subfield code="a">Suzan Ahmed Abdelaziz</subfield>
  </datafield>
  <datafield tag="245" ind1="1" ind2="0">
    <subfield code="a">Bayesian estimation of seasonal time series : </subfield>
    <subfield code="b">A comparative study / </subfield>
    <subfield code="c">Suzan Ahmed Abdelaziz ; Supervised Samir M. Shaarawy , Rasha Elsouda</subfield>
  </datafield>
  <datafield tag="246" ind1="1" ind2="5">
    <subfield code="a">&#x627;{u&#x626;&#x625;&#x624;&#x626;}{u&#x626;&#x625;&#x669;&#x667;}{u&#x626;&#x625;&#x624;&#x668;}&#x62F;{u&#x626;&#x625;&#x626;&#x663;}&#x631; &#x627;{u&#x626;&#x625;&#x624;&#x626;}{u&#x626;&#x625;&#x669;&#x661;}{u&#x626;&#x625;&#x668;&#x625;}{u&#x626;&#x625;&#x626;&#x663;}&#x632;&#x649; {u&#x626;&#x625;&#x624;&#x626;}{u&#x626;&#x625;&#x625;&#x660;}{u&#x626;&#x625;&#x622;&#x663;}{u&#x626;&#x625;&#x626;&#x623;}{u&#x626;&#x625;&#x622;&#x663;}{u&#x626;&#x625;&#x624;&#x624;} &#x627;{u&#x626;&#x625;&#x624;&#x626;}&#x632;{u&#x626;&#x625;&#x625;&#x663;}{u&#x626;&#x625;&#x625;&#x667;}{u&#x626;&#x625;&#x626;&#x663;}{u&#x626;&#x625;&#x669;&#x664;} &#x627;{u&#x626;&#x625;&#x624;&#x626;}{u&#x626;&#x625;&#x625;&#x663;}&#x648;{u&#x626;&#x625;&#x622;&#x663;}{u&#x626;&#x625;&#x625;&#x663;}{u&#x626;&#x625;&#x626;&#x663;}{u&#x626;&#x625;&#x669;&#x664;} : </subfield>
    <subfield code="b">&#x62F;&#x627;&#x631;{u&#x626;&#x625;&#x622;&#x663;}{u&#x626;&#x625;&#x669;&#x664;} {u&#x626;&#x625;&#x625;&#x663;}{u&#x626;&#x625;&#x624;&#x668;}{u&#x626;&#x625;&#x668;&#x625;}&#x631;{u&#x626;&#x625;&#x625;&#x667;}{u&#x626;&#x625;&#x669;&#x664;}</subfield>
  </datafield>
  <datafield tag="260" ind1=" " ind2=" ">
    <subfield code="a">Cairo : </subfield>
    <subfield code="b">Suzan Ahmed Abdelaziz , </subfield>
    <subfield code="c">2015</subfield>
  </datafield>
  <datafield tag="300" ind1=" " ind2=" ">
    <subfield code="a">119 P. ; </subfield>
    <subfield code="c">25cm</subfield>
  </datafield>
  <datafield tag="502" ind1=" " ind2=" ">
    <subfield code="a">Thesis (M.Sc.) - Cairo University - Faculty of Economics and Political Science - Department of Statistics</subfield>
  </datafield>
  <datafield tag="520" ind1=" " ind2=" ">
    <subfield code="a">This study is mainly interested in the estimation of different time series models. The posterior density is the bayesian tools to implement estimation. Three well known approximations are used. The approximations were proposed by (newbold (1973)),  (zellner and reynolds (1978)) and (broemeling and shaarawy (1988)), denoted by (N), (Z - R) and (B - S) respectively. Different mixed seasonal time series of different lengths and values of the parameters as well as different goodness criteria are used for illustration. The study applied the three approximations of seasonal ARMA models numerically. All the three approximate posterior densities of the coefficient's vector follow multivariatet distributions with the same degrees of freedom. On the other hand, the three approximate posterior densities of the precision follow gamma distributions whatever the prior be either normal - gamma or Jeffreys'. The study showed that the MAD values of the three approximate posterior densities increases with the increase in the time series length 'n'. The moments of the exact and the three approximate posterior densities are approximately identical</subfield>
  </datafield>
  <datafield tag="530" ind1=" " ind2=" ">
    <subfield code="a">Issued also as CD</subfield>
  </datafield>
  <datafield tag="653" ind1=" " ind2="4">
    <subfield code="a">Bayesian time series analysis</subfield>
  </datafield>
  <datafield tag="653" ind1=" " ind2="4">
    <subfield code="a">Posterior analysis</subfield>
  </datafield>
  <datafield tag="653" ind1=" " ind2="4">
    <subfield code="a">SARMA models</subfield>
  </datafield>
  <datafield tag="700" ind1="0" ind2=" ">
    <subfield code="a">Rasha Elsouda , </subfield>
    <subfield code="e">Supervisor</subfield>
  </datafield>
  <datafield tag="700" ind1="0" ind2=" ">
    <subfield code="a">Samir Mustafa Shaarawy , </subfield>
    <subfield code="e">Supervisor</subfield>
  </datafield>
  <datafield tag="856" ind1=" " ind2=" ">
    <subfield code="u">http://172.23.153.220/th.pdf</subfield>
  </datafield>
  <datafield tag="905" ind1=" " ind2=" ">
    <subfield code="a">Nazla</subfield>
    <subfield code="e">Revisor</subfield>
  </datafield>
  <datafield tag="905" ind1=" " ind2=" ">
    <subfield code="a">Samia</subfield>
    <subfield code="e">Cataloger</subfield>
  </datafield>
  <datafield tag="942" ind1=" " ind2=" ">
    <subfield code="2">ddc</subfield>
    <subfield code="c">TH</subfield>
  </datafield>
  <datafield tag="999" ind1=" " ind2=" ">
    <subfield code="c">56152</subfield>
    <subfield code="d">56152</subfield>
  </datafield>
  <datafield tag="952" ind1=" " ind2=" ">
    <subfield code="2">ddc</subfield>
    <subfield code="7">0</subfield>
    <subfield code="a">CUCL</subfield>
    <subfield code="b">cl210</subfield>
    <subfield code="d">2024-02-11</subfield>
    <subfield code="o">Cai01.03.01.M.Sc.2015.Su.B</subfield>
    <subfield code="p">01010110068618000</subfield>
    <subfield code="r">2023-09-22 00:00:00</subfield>
    <subfield code="y">TH</subfield>
  </datafield>
  <datafield tag="952" ind1=" " ind2=" ">
    <subfield code="2">ddc</subfield>
    <subfield code="7">0</subfield>
    <subfield code="a">CUCL</subfield>
    <subfield code="b">cl2u8</subfield>
    <subfield code="d">2024-02-11</subfield>
    <subfield code="o">Cai01.03.01.M.Sc.2015.Su.B</subfield>
    <subfield code="p">01020110068618000</subfield>
    <subfield code="r">2023-09-22 00:00:00</subfield>
    <subfield code="t">68618.CD</subfield>
    <subfield code="y">CD</subfield>
  </datafield>
</record>
